00919nam a22001937a 4500003000800000008004100008037002000049040003500069041000800104080001200112100002900124245014500153260009500298300002300393502019200416650006500608655002300673700002900696BI-BuBU260318b2025 bd fr|||| 000 0 fre d bDon de l'auteur aBI-BuBUbfrecBI-BuBUdBI-BuBU0 afre a339.7421 4aut.aDusengimana, Stacy16aDe la gestion macroéconomique à la maîtrise du taux de change au Burundi (1990-2022)cStacy Dusengimana ; Salomon Nsabimana, directeur aBujumburabUniversité du Burundi, Faculté des Sciences Economiques et de Gestionc2025 aXIII-99 f.c30 cm. aMémoire présenté et soutenu publiquement en vue de l'obtention du dipmôme de MAster en analyse Economique et Développement des Sciences Economiques. Option : Analyse Economique 72BI-BuBUaTaux de changexMacroéconomiey1990-2022zBurundi 72BI-BuBUaMémoire1 4dir.aNsabimana, Salomon